000 00711cam a2200217 4500
008 090520t19911991sp a 00o 0 spa u
020 _a8486474086
035 _aa481457
050 0 4 _aHX806
_bG66 1991
100 1 _aGómez Tovar, Luis
245 1 0 _aUtopías libertarias americanas :
_bLa ciudad anarquista Americana /
_cLuis Gómez Tovar, Ramón Gutiérrez, Silvia A. Vázquez.
260 _aMadrid, España :
_bTuero,
_c1991
300 _a180 p. :
_bil. ;
_c21 cm.
440 0 _aInvestigación y crítica
504 _aIncluye índice
650 7 _aUtopías
_2Lemb
650 7 _aAnarquismo
_2Lemb
700 1 _aGutíerrez, Ramón, coaut.
700 1 _aVazquéz, Silvia A., coaut.
942 _2lcc
_cLIB
999 _c67721
_d67721